| 000 | 00928nam a22002657a 4500 | ||
|---|---|---|---|
| 001 | 9260 | ||
| 003 | FISKH | ||
| 005 | 20251205140416.0 | ||
| 008 | 251205b cb ||||| |||| 00| 0 eng d | ||
| 020 | _a9780744518627 | ||
| 040 |
_aFISKH _beng _cFISKH _dFISKH |
||
| 050 | _aPE1155 | ||
| 082 | _a421.1 | ||
| 100 |
_aAxworthy, Anni _eAuthor |
||
| 245 |
_aAlphabet wheel / _cAnni Axworthy |
||
| 260 |
_aLondon : _bWalker Books , _c1990 |
||
| 300 |
_a28 unnumbered pages : _bcolor illustrations ; _c23 cm |
||
| 505 | _aE | ||
| 520 | _aThis is one of a series of first learning books for pre-school children that explore the world of letters, numbers, colours, size and the weather. This book deals with the letters of the alphabet. Anni Axworthy's previous books include Along Came Toto. | ||
| 521 | 8 |
_a200
_bLexile estimate |
|
| 521 | 8 |
_aE
_bRaz-Plus |
|
| 650 |
_aAlphabet _vABC |
||
| 942 |
_2ddc _cBK _n0 |
||
| 999 |
_c9260 _d9260 |
||